header

Training the speaking voice (Record no. 4535)

MARC details
000 -LEADER
fixed length control field 01160nam a2200313Ia 4500
100 1# - MAIN ENTRY--AUTHOR NAME
Personal name Anderson, Virgil A.
245 10 - TITLE STATEMENT
Title Training the speaking voice
250 ## - EDITION STATEMENT
Edition statement 3d ed.
260 ## - PUBLICATION, DISTRIBUTION, ETC. (IMPRINT)
Place of publication New York :
Name of publisher Oxford University Press,
Year of publication 1977.
300 ## - PHYSICAL DESCRIPTION
Number of Pages xiv, 475 p. :
Other physical details ill.
650 #0 - SUBJECT ADDED ENTRY--TOPICAL TERM
Topical Term Voice culture.
Topical Term Voice.
856 40 - ELECTRONIC LOCATION AND ACCESS
Uniform Resource Identifier http://site.ebrary.com/lib/rucke/Doc?id=10279495

No items available.

© 2026 Rongo University
Contact us: librarian | system librarian | Rongo university